ARRUPE JESUIT UNIVERSITY

CORONAVIRUS -STOP THE SPREAD - CLEAN,DISINFECT,COVER

The unconscious mind (Record no. 61991)

MARC details
000 -LEADER
fixed length control field 00594nam a2200229Ia 4500
003 - CONTROL NUMBER IDENTIFIER
control field 0100
008 - FIXED-LENGTH DATA ELEMENTS--GENERAL INFORMATION
fixed length control field 130303s9999 xx 000 0 und d
040 ## - CATALOGING SOURCE
Transcribing agency ARRUPELIB
050 ## - LIBRARY OF CONGRESS CALL NUMBER
Classification number BF173.F85W56
300 ## - PHYSICAL DESCRIPTION
Other physical details 22cm
100 ## - MAIN ENTRY--PERSONAL NAME
Personal name Wolman, Benjamin B.
245 #4 - TITLE STATEMENT
Title The unconscious mind
245 ## - TITLE STATEMENT
Remainder of title the meaning of Freudian Psychology
260 ## - PUBLICATION, DISTRIBUTION, ETC. (IMPRINT)
Place of publication, distribution, etc New Jersey
260 ## - PUBLICATION, DISTRIBUTION, ETC. (IMPRINT)
Name of publisher, distributor, etc Prentice-Hall
260 ## - PUBLICATION, DISTRIBUTION, ETC. (IMPRINT)
-- 1968
300 ## - PHYSICAL DESCRIPTION
Extent 244p.
650 ## - SUBJECT ADDED ENTRY--TOPICAL TERM
Topical term following geographic name as entry element Christianity and other religions
650 ## - SUBJECT ADDED ENTRY--TOPICAL TERM
Location of event Religious pluralism--Christianity
650 ## - SUBJECT ADDED ENTRY--TOPICAL TERM
Active dates Catholic church--Relations
942 ## - ADDED ENTRY ELEMENTS (KOHA)
Source of classification or shelving scheme Library of Congress Classification
Koha issues (borrowed), all copies 3
Holdings
Withdrawn status Lost status Source of classification or shelving scheme Damaged status Not for loan Collection code Home library Current library Shelving location Date acquired Total Checkouts Full call number Barcode Date last seen Date checked out Copy number Price effective from Koha item type
    Library of Congress Classification     Main Collection ARRUPE LIBRARY ARRUPE LIBRARY   05/03/2013 11 BF173.F85W56 46003006636 21/09/2018 13/09/2018 1 05/03/2013 Monograph ( Printed materials)

 

Arrupe Library. PO Box MP320 Mt Pleasant, Harare, Zimbabwe
263 242 745411|librarian@aju.ac.zw